[Event "Campeonato de Andalucia de Veteranos 201"]
[Site "Hotel Bellavista, Paseo Centra"]
[Date "2011.04.17"]
[Round "1"]
[White "Bellon Lopez, Juan Manuel"]
[Black "Gonzalez Lopez, Jose Antonio"]
[Result "1-0"]
[WhiteElo "2397"]
[BlackElo "1756"]
[PlyCount "51"]
[EventDate "2011.04.17"]
[EventRounds "6"]
[EventCountry "ESP"]

1. d4 Nf6 2. Bg5 e6 3. e4 Be7 4. Bd3 h6 5. Bxf6 Bxf6 6. e5 Be7 7. Qg4 Bf8 8.
Nd2 d5 9. exd6 cxd6 10. Ngf3 Nd7 11. O-O Nf6 12. Qf4 Nh5 13. Qe3 Be7 14. Rfe1
Nf6 15. c4 O-O 16. h3 Re8 17. Rad1 Qb6 18. b3 Bd7 19. Bb1 Bf8 20. Qf4 Bc6 21.
g4 Nh7 22. Bxh7+ Kxh7 23. Qxf7 Re7 24. Qf4 Qc7 25. g5 Be8 26. Qxf8 1-0

[Event "Campeonato de Andalucia de Veteranos 201"]
[Site "Hotel Bellavista, Paseo Centra"]
[Date "2011.04.17"]
[Round "1"]
[White "Fernandez Baez, Jose"]
[Black "Montecatine Rios, Ricardo"]
[Result "0-1"]
[WhiteElo "1897"]
[BlackElo "2354"]
[PlyCount "56"]
[EventDate "2011.04.17"]
[EventRounds "6"]
[EventCountry "ESP"]

1. d4 Nf6 2. c4 c5 3. d5 b5 4. cxb5 a6 5. bxa6 Bxa6 6. Nc3 g6 7. Nf3 Bg7 8. h3
O-O 9. e4 Bxf1 10. Kxf1 d6 11. Kg1 Nbd7 12. Kh2 Qb6 13. Rb1 Rfb8 14. Be3 Ne8
15. Qc2 Nc7 16. b4 Qa6 17. bxc5 dxc5 18. Rxb8+ Rxb8 19. Rc1 Rb4 20. Nd1 Qd6+
21. g3 Na6 22. a3 Rb7 23. Qc4 Rb6 24. Nc3 Qf6 25. Kg2 Qxf3+ 26. Kg1 Bxc3 27.
Rxc3 Qd1+ 28. Kg2 Ne5 0-1

[Event "Campeonato de Andalucia de Veteranos 201"]
[Site "Hotel Bellavista, Paseo Centra"]
[Date "2011.04.17"]
[Round "1"]
[White "Subirats Delhom, Juan"]
[Black "Landero Luna, Vicente"]
[Result "0-1"]
[WhiteElo "1597"]
[BlackElo "2078"]
[PlyCount "76"]
[EventDate "2011.04.17"]
[EventRounds "6"]
[EventCountry "ESP"]

1. d4 d5 2. Nf3 Nf6 3. c4 c6 4. e3 e6 5. Nc3 Nbd7 6. Bd3 dxc4 7. Bxc4 b5 8. Be2
Bb7 9. O-O a6 10. a3 c5 11. dxc5 Bxc5 12. b3 O-O 13. Bb2 Qe7 14. b4 Bd6 15. Rc1
Rfe8 16. Qd4 Rac8 17. Rfd1 Bc7 18. Qh4 Ne5 19. Nd4 Ng6 20. Qh3 Be5 21. Bf3 Bxd4
22. Bxb7 Qxb7 23. exd4 Nf4 24. Qf3 Qxf3 25. gxf3 Rc4 26. Kf1 Rec8 27. Ne4 Rxc1
28. Bxc1 Nxe4 29. fxe4 Nd3 30. Rxd3 Rxc1+ 31. Ke2 Kf8 32. Kd2 Rc4 33. Ke3 Ke7
34. f4 Rc2 35. Rd2 Rc1 36. Kd3 Ra1 37. Rc2 Rxa3+ 38. Kd2 Kd7 0-1

[Event "Campeonato de Andalucia de Veteranos 201"]
[Site "Hotel Bellavista, Paseo Centra"]
[Date "2011.04.17"]
[Round "1"]
[White "Cebada Benitez, Fernando"]
[Black "Claros Martin, Jose Manuel"]
[Result "1-0"]
[WhiteElo "1991"]
[BlackElo "1573"]
[PlyCount "73"]
[EventDate "2011.04.17"]
[EventRounds "6"]
[EventCountry "ESP"]

1. e4 e5 2. Nf3 Nc6 3. Bb5 a6 4. Ba4 Nf6 5. O-O Nxe4 6. d4 b5 7. Bb3 d5 8. dxe5
Be6 9. c3 Bc5 10. Nbd2 O-O 11. Qe2 f5 12. exf6 Qxf6 13. Nxe4 dxe4 14. Bxe6+
Qxe6 15. a4 Qg4 16. Nd4 Qxe2 17. Nxe2 Ne5 18. Ng3 e3 19. Bxe3 Bxe3 20. fxe3
Rxf1+ 21. Nxf1 bxa4 22. Rxa4 Nd3 23. b4 Nb2 24. Ra5 Nd1 25. Rc5 Re8 26. Rxc7
Nxe3 27. Nxe3 Rxe3 28. Rc6 Re1+ 29. Kf2 Ra1 30. c4 Kf7 31. b5 axb5 32. cxb5 Rb1
33. b6 Ke8 34. Rc8+ Kd7 35. Rc7+ Kd8 36. Rxg7 Rxb6 37. Rxh7 1-0

[Event "Campeonato de Andalucia de Veteranos 201"]
[Site "Hotel Bellavista, Paseo Centra"]
[Date "2011.04.17"]
[Round "1"]
[White "Ontiveros Lopez, Francisco"]
[Black "Lerma Moreno, Juan Manuel"]
[Result "0-1"]
[WhiteElo "1644"]
[BlackElo "1897"]
[PlyCount "86"]
[EventDate "2011.04.17"]
[EventRounds "6"]
[EventCountry "ESP"]

1. d4 d5 2. Nf3 Nf6 3. c4 c6 4. Nc3 a6 5. a3 Bf5 6. Nh4 Bg4 7. h3 Be6 8. c5 b5
9. b4 h6 10. Nf3 Nbd7 11. Bf4 Bf5 12. Nd2 e6 13. g4 Bg6 14. Bg2 Be7 15. O-O Qc8
16. f3 Nh7 17. Bg3 Bf6 18. Nb3 e5 19. f4 exf4 20. Bxf4 O-O 21. Qd2 Re8 22. Rae1
Ng5 23. e3 Ne4 24. Nxe4 Bxe4 25. Bxe4 Rxe4 26. Qf2 Ra7 27. Nd2 Re6 28. Nf3 Qe8
29. g5 hxg5 30. Bd6 Be7 31. Bg3 f6 32. Nd2 Qg6 33. Qf3 a5 34. Qg4 Qf7 35. bxa5
Rxa5 36. Nb1 g6 37. Qf3 f5 38. Qd1 Nf6 39. Qd2 Ra4 40. Qc1 Ne4 41. Bh2 Qh7 42.
Nc3 Rc4 43. Nxe4 Rxc1 0-1

[Event "Campeonato de Andalucia de Veteranos 201"]
[Site "Hotel Bellavista, Paseo Centra"]
[Date "2011.04.17"]
[Round "1"]
[White "Maldonado Fernandez, Jose"]
[Black "Lopez Banos, Antonio"]
[Result "1-0"]
[WhiteElo "1876"]
[BlackElo "1780"]
[PlyCount "136"]
[EventDate "2011.04.17"]
[EventRounds "6"]
[EventCountry "ESP"]

1. e4 e5 2. Nf3 Nc6 3. d4 exd4 4. Nxd4 Nge7 5. Bc4 d6 6. O-O h6 7. Nc3 a6 8.
Be3 Bd7 9. Nxc6 Nxc6 10. f4 Na5 11. Bxf7+ Kxf7 12. Qd5+ Be6 13. Qxa5 c6 14.
Qh5+ Kg8 15. f5 Bf7 16. Qh3 Be7 17. Rad1 Bf6 18. Bf2 Qe7 19. Bd4 Rd8 20. Bxf6
Qxf6 21. Qg3 Kh7 22. b3 Rhe8 23. Rde1 Re5 24. Qf3 Rde8 25. Rd1 b5 26. Ne2 Rxe4
27. Ng3 Rd4 28. Qxc6 Rxd1 29. Rxd1 Qe5 30. Qxd6 Qc3 31. Qd2 Qc5+ 32. Kh1 b4 33.
h3 Re3 34. Kh2 Rc3 35. Qd4 Qc7 36. Qd6 Rxc2 37. Qxc7 Rxc7 38. Rd2 a5 39. Ne2 h5
40. g4 Rc5 41. Kg3 hxg4 42. hxg4 Be8 43. Kf4 a4 44. bxa4 Bxa4 45. Rd4 Bb5 46.
Kf3 Rc2 47. Nf4 Rb2 48. Nd3 Bxd3 49. Rxd3 Rxa2 50. Kf4 Ra3 51. Rd4 Rb3 52. Kg5
Rb1 53. Rd2 b3 54. Rh2+ Kg8 55. Kg6 b2 56. g5 Kf8 57. Rh8+ Ke7 58. Rb8 Kd6 59.
Kxg7 Rg1 60. Rxb2 Rxg5+ 61. Kf6 Rg1 62. Re2 Kd7 63. Kf7 Kd8 64. f6 Kd7 65. Kf8
Kd8 66. Re7 Rg2 67. Rg7 Ra2 68. Kg8 Rf2 1-0

[Event "Campeonato de Andalucia de Veteranos 201"]
[Site "Hotel Bellavista, Paseo Centra"]
[Date "2011.04.18"]
[Round "2"]
[White "Lerma Moreno, Juan Manuel"]
[Black "Bellon Lopez, Juan Manuel"]
[Result "0-1"]
[WhiteElo "1897"]
[BlackElo "2397"]
[PlyCount "62"]
[EventDate "2011.04.17"]
[EventRounds "6"]
[EventCountry "ESP"]

1. Nf3 c5 2. c4 Nc6 3. Nc3 e5 4. d3 g6 5. g3 Bg7 6. Bg2 d6 7. Rb1 Nge7 8. a3
O-O 9. O-O f5 10. Bg5 h6 11. Bxe7 Nxe7 12. Qc2 Rb8 13. b4 Be6 14. bxc5 dxc5 15.
Nd2 Qd7 16. Nb5 a6 17. Nc3 b5 18. Rfc1 Rfc8 19. Nd1 Nc6 20. Nb3 Nd4 21. Nxd4
cxd4 22. Qa2 bxc4 23. Rxb8 Rxb8 24. dxc4 e4 25. Qc2 Kh7 26. f3 d3 27. exd3 exd3
28. Qd2 Qd4+ 29. Qf2 d2 30. Rc2 Rb1 31. Rxd2 Rxd1+ 0-1

[Event "Campeonato de Andalucia de Veteranos 201"]
[Site "Hotel Bellavista, Paseo Centra"]
[Date "2011.04.18"]
[Round "2"]
[White "Montecatine Rios, Ricardo"]
[Black "Cebada Benitez, Fernando"]
[Result "1-0"]
[WhiteElo "2354"]
[BlackElo "1991"]
[PlyCount "57"]
[EventDate "2011.04.17"]
[EventRounds "6"]
[EventCountry "ESP"]

1. e4 c5 2. Nf3 e6 3. d4 cxd4 4. Nxd4 Nf6 5. Bd3 Nc6 6. Be3 Be7 7. O-O O-O 8.
Nc3 a6 9. a4 b6 10. Kh1 Bb7 11. f3 Qc7 12. Nb3 Bb4 13. Na2 Be7 14. f4 d5 15. e5
Ne4 16. Qe2 f5 17. Nac1 Rfb8 18. Nd4 Nxd4 19. Bxd4 Bc5 20. Nb3 Qe7 21. Qe3 Rc8
22. Rfc1 Rc7 23. c3 Rac8 24. Qe2 Ra8 25. Rc2 Kh8 26. Rac1 b5 27. a5 Bxd4 28.
cxd4 Rxc2 29. Rxc2 1-0

[Event "Campeonato de Andalucia de Veteranos 201"]
[Site "Hotel Bellavista, Paseo Centra"]
[Date "2011.04.18"]
[Round "2"]
[White "Aroca Lizana, Jose Maria"]
[Black "Ruiz Gutierrez, Manuel"]
[Result "0-1"]
[WhiteElo "1468"]
[BlackElo "2193"]
[PlyCount "92"]
[EventDate "2011.04.17"]
[EventRounds "6"]
[EventCountry "ESP"]

1. e4 c5 2. Nf3 d6 3. Nc3 Nc6 4. Bb5 a6 5. Bxc6+ bxc6 6. d4 cxd4 7. Nxd4 Bb7 8.
O-O Nf6 9. Be3 c5 10. Nf3 Nxe4 11. Nxe4 Bxe4 12. Nd2 Bc6 13. b3 g6 14. Re1 Bg7
15. Rb1 O-O 16. Qe2 Qd7 17. Rbd1 Qb7 18. f3 Rfe8 19. Bf2 a5 20. Ne4 Bxe4 21.
Qxe4 Qxe4 22. Rxe4 a4 23. Rde1 axb3 24. axb3 Ra1 25. Kf1 Rxe1+ 26. Kxe1 f5 27.
Ra4 Kf7 28. Ke2 Rc8 29. Kd3 d5 30. Ra5 c4+ 31. bxc4 dxc4+ 32. Ke2 Rc6 33. Rc5
Rxc5 34. Bxc5 e5 35. Kd2 Ke6 36. c3 Bh6+ 37. Kc2 Kd5 38. Bf2 e4 39. fxe4+ Kxe4
40. Kd1 Kd3 41. Be1 Bg7 42. g3 Bxc3 43. Bxc3 Kxc3 44. Kc1 Kd3 45. Kd1 g5 46. h3
f4 0-1

[Event "Campeonato de Andalucia de Veteranos 201"]
[Site "Hotel Bellavista, Paseo Centra"]
[Date "2011.04.18"]
[Round "2"]
[White "Landero Luna, Vicente"]
[Black "Maldonado Fernandez, Jose"]
[Result "1-0"]
[WhiteElo "2078"]
[BlackElo "1876"]
[PlyCount "109"]
[EventDate "2011.04.17"]
[EventRounds "6"]
[EventCountry "ESP"]

1. d4 Nf6 2. Nf3 g6 3. c3 Bg7 4. Bg5 O-O 5. Nbd2 d6 6. e3 Nbd7 7. Be2 c5 8. O-O
b6 9. a4 Bb7 10. a5 Ne4 11. Nxe4 Bxe4 12. Nd2 Bc6 13. b4 b5 14. bxc5 dxc5 15.
Nb3 c4 16. Nd2 f6 17. Bh4 a6 18. Nf3 Qe8 19. Ne1 e5 20. Nc2 f5 21. Nb4 Bb7 22.
Bf3 e4 23. Be2 Nf6 24. Bg3 Nd5 25. Nxd5 Bxd5 26. Bd6 Rf7 27. g4 Qe6 28. Bf4 Qe7
29. gxf5 Rxf5 30. Bg4 Rf7 31. h3 h5 32. Be2 Qh4 33. Kg2 Be6 34. Rh1 Raf8 35.
Qg1 Bh6 36. Bg3 Qf6 37. Rf1 Kh7 38. Rh2 Qe7 39. Kh1 Qa3 40. d5 Bxd5 41. Be5 Qe7
42. Bd4 Qe6 43. Qg3 Rf5 44. h4 Qf7 45. Rg2 g5 46. hxg5 Rxg5 47. Qxg5 Bxg5 48.
Rxg5 Qe6 49. Rxh5+ Kg6 50. Rg1+ Kf7 51. Rg7+ Ke8 52. Re5 Rxf2 53. Rxe6+ Bxe6
54. Bh5+ Kf8 55. Rh7 1-0

[Event "Campeonato de Andalucia de Veteranos 201"]
[Site "Hotel Bellavista, Paseo Centra"]
[Date "2011.04.18"]
[Round "2"]
[White "Gonzalez Lopez, Jose Antonio"]
[Black "Subirats Delhom, Juan"]
[Result "1-0"]
[WhiteElo "1756"]
[BlackElo "1597"]
[PlyCount "85"]
[EventDate "2011.04.17"]
[EventRounds "6"]
[EventCountry "ESP"]

1. c4 e5 2. Nc3 Nf6 3. d3 c6 4. Nf3 Qc7 5. Bg5 Be7 6. g3 d6 7. Bg2 O-O 8. O-O
Re8 9. Rc1 Nbd7 10. b4 Nf8 11. b5 Ne6 12. Bd2 Bd7 13. a4 b6 14. Ng5 Rac8 15.
Nxe6 fxe6 16. f4 Kh8 17. fxe5 dxe5 18. Ne4 a6 19. Qb3 axb5 20. cxb5 c5 21. Ng5
Bd6 22. Qc4 Re7 23. Qh4 h6 24. Rxf6 gxf6 25. Qxh6+ Kg8 26. Qxf6 Rf8 27. Qh6 Rg7
28. Be4 Bc8 29. Nxe6 Bxe6 30. Qxe6+ Rff7 31. Bg6 Rxg6 32. Qxg6+ Rg7 33. Qe6+
Kh7 34. e4 Qd8 35. Qh6+ Kg8 36. Rf1 Be7 37. Qe6+ Kh8 38. Qd5 Bd6 39. Rf5 Qb8
40. Rh5+ Rh7 41. Rxh7+ Kxh7 42. Qf7+ Kh8 43. Bg5 1-0

[Event "Campeonato de Andalucia de Veteranos 201"]
[Site "Hotel Bellavista, Paseo Centra"]
[Date "2011.04.18"]
[Round "2"]
[White "Claros Martin, Jose Manuel"]
[Black "Fernandez Baez, Jose"]
[Result "0-1"]
[WhiteElo "1573"]
[BlackElo "1897"]
[PlyCount "97"]
[EventDate "2011.04.17"]
[EventRounds "6"]
[EventCountry "ESP"]

1. d4 Nf6 2. e3 d5 3. f4 Bf5 4. Nf3 e6 5. Be2 Nc6 6. c3 Be7 7. O-O O-O 8. Ne5
Ne4 9. Nd2 Nxe5 10. fxe5 f6 11. Nf3 c5 12. Nh4 fxe5 13. Nxf5 exf5 14. dxe5 Qd7
15. c4 Rad8 16. cxd5 Kh8 17. d6 Bg5 18. Qd5 Rfe8 19. Bf3 b6 20. Bxe4 fxe4 21.
e6 Rxe6 22. Qxg5 Rxd6 23. Qf5 Qxf5 24. Rxf5 g6 25. Re5 Rf8 26. h3 Rd1+ 27. Kh2
Rff1 28. a4 h5 29. Rxe4 Rxc1 30. Ra3 Rf2 31. Rd3 Rcc2 32. Rd7 Rxg2+ 33. Kh1
Rh2+ 34. Kg1 Rcg2+ 35. Kf1 Rf2+ 36. Ke1 Kg8 37. Re8+ Rf8 38. Ree7 Rff2 39. Rg7+
Kf8 40. Rxg6 Re2+ 41. Kd1 Rxb2 42. Kc1 Ra2 43. Kb1 Rae2 44. Rg1 Rxe3 45. Rxa7
Rexh3 46. Rd1 Rb3+ 47. Kc1 Rc3+ 48. Kb1 Rb3+ 49. Kc1 {Ilegible} 0-1

[Event "Campeonato de Andalucia de Veteranos 201"]
[Site "Hotel Bellavista, Paseo Centra"]
[Date "2011.04.18"]
[Round "2"]
[White "Moreno Bello, Miguel"]
[Black "Ontiveros Lopez, Francisco"]
[Result "0-1"]
[WhiteElo "1669"]
[BlackElo "1644"]
[PlyCount "51"]
[EventDate "2011.04.17"]
[EventRounds "6"]
[EventCountry "ESP"]

1. a3 d5 2. d4 Bf5 3. Nc3 Nf6 4. f3 h6 5. g4 Bh7 6. Bf4 e6 7. Qd2 a6 8. h4 Bd6
9. g5 Nh5 10. Bxd6 Qxd6 11. O-O-O Ng3 12. gxh6 gxh6 13. Qxh6 Nxh1 14. Qg7 Qf8
15. Qe5 Kd7 16. Bh3 Nc6 17. Qh2 Qh6+ 18. Kb1 Qg6 19. Nxd5 Qxc2+ 20. Ka2 Qc4+
21. Ka1 Qxd5 22. Qxh1 Nxd4 23. Rxd4 Qxd4 24. e4 Qd1+ 25. Ka2 Rag8 26. Bg2 0-1

[Event "Campeonato de Andalucia de Veteranos 201"]
[Site "Hotel Bellavista, Paseo Centra"]
[Date "2011.04.18"]
[Round "3"]
[White "Bellon Lopez, Juan Manuel"]
[Black "Landero Luna, Vicente"]
[Result "1-0"]
[WhiteElo "2397"]
[BlackElo "2078"]
[PlyCount "93"]
[EventDate "2011.04.17"]
[EventRounds "6"]
[EventCountry "ESP"]

1. d4 Nf6 2. Bg5 Ne4 3. Bh4 g5 4. f3 gxh4 5. fxe4 c5 6. Nc3 cxd4 7. Qxd4 Rg8 8.
e5 Nc6 9. Qe4 d5 10. exd6 Qxd6 11. Rd1 Qb4 12. Qxb4 Nxb4 13. Nb5 Na6 14. Nf3
Rg4 15. c3 Bh6 16. g3 Re4 17. Nxh4 Re5 18. a4 Bd7 19. Nf3 Re4 20. Nfd4 Rb8 21.
Bg2 Re5 22. b4 Be3 23. Rf1 Bxd4 24. Rxd4 Bxb5 25. axb5 Rxb5 26. Rh4 h5 27. g4
Kf8 28. gxh5 Rg5 29. Be4 f6 30. h6 Kg8 31. Rf3 Nc7 32. Rd3 Nb5 33. Bxb7 Nd6 34.
Bc6 Kh8 35. Kf2 Nf7 36. Rd7 Ne5 37. Rc7 a6 38. Be4 Ng4+ 39. Ke1 f5 40. Bxf5 Ne3
41. Be4 e5 42. Rh3 Ng2+ 43. Bxg2 Rxg2 44. Rc5 e4 45. Kd2 Rf8 46. h7 Rg7 47. Ke3
1-0

[Event "Campeonato de Andalucia de Veteranos 201"]
[Site "Hotel Bellavista, Paseo Centra"]
[Date "2011.04.18"]
[Round "3"]
[White "Ruiz Gutierrez, Manuel"]
[Black "Montecatine Rios, Ricardo"]
[Result "0-1"]
[WhiteElo "2193"]
[BlackElo "2354"]
[PlyCount "66"]
[EventDate "2011.04.17"]
[EventRounds "6"]
[EventCountry "ESP"]

1. Nf3 d5 2. d4 Nf6 3. c4 c6 4. e3 g6 5. Nc3 Bg7 6. Be2 O-O 7. O-O b6 8. cxd5
cxd5 9. Ne5 Bb7 10. Bd2 Nfd7 11. f4 f6 12. Nxd7 Qxd7 13. Rc1 e6 14. Bb5 Bc6 15.
Qb3 Rc8 16. Na4 Kf7 17. Bxc6 Nxc6 18. Rc2 Ne7 19. Rfc1 Rxc2 20. Rxc2 Rc8 21.
Rxc8 Nxc8 22. Bb4 Qc6 23. Ba3 Bf8 24. Bxf8 Kxf8 25. Qc3 Qd7 26. b3 Nd6 27. Qb4
Kf7 28. Qc3 Ne4 29. Qc2 Qd6 30. Nb2 Qb4 31. Nd3 Qc3 32. Qxc3 Nxc3 33. Nc1 Nd1
0-1

[Event "Campeonato de Andalucia de Veteranos 201"]
[Site "Hotel Bellavista, Paseo Centra"]
[Date "2011.04.18"]
[Round "3"]
[White "Cebada Benitez, Fernando"]
[Black "Fernandez Baez, Jose"]
[Result "1-0"]
[WhiteElo "1991"]
[BlackElo "1897"]
[PlyCount "71"]
[EventDate "2011.04.17"]
[EventRounds "6"]
[EventCountry "ESP"]

1. e4 e5 2. Nf3 d6 3. d4 exd4 4. Nxd4 Nf6 5. Nc3 Be7 6. Be2 O-O 7. O-O Nbd7 8.
f4 Nc5 9. Bf3 c6 10. Be3 Re8 11. Bf2 Qc7 12. Re1 Ne6 13. Qd2 Nxd4 14. Bxd4 Bd7
15. Kh1 c5 16. Bxf6 Bxf6 17. Nd5 Qd8 18. Nxf6+ Qxf6 19. e5 Qh6 20. Qxd6 Qxd6
21. exd6 Rab8 22. b3 b6 23. Kg1 Kf8 24. Kf2 Rbd8 25. c4 Bf5 26. g4 Bc8 27.
Rxe8+ Rxe8 28. Rd1 Rd8 29. Kg3 f6 30. f5 g6 31. Bc6 Bd7 32. Bxd7 Rxd7 33. Kf4
Kf7 34. Ke4 Ke8 35. Kd5 Kf8 36. Re1 1-0

[Event "Campeonato de Andalucia de Veteranos 201"]
[Site "Hotel Bellavista, Paseo Centra"]
[Date "2011.04.18"]
[Round "3"]
[White "Lopez Banos, Antonio"]
[Black "Lerma Moreno, Juan Manuel"]
[Result "0-1"]
[WhiteElo "1780"]
[BlackElo "1897"]
[PlyCount "60"]
[EventDate "2011.04.17"]
[EventRounds "6"]
[EventCountry "ESP"]

1. e4 e6 2. Nf3 d5 3. exd5 exd5 4. d4 Bg4 5. Be2 Bd6 6. h3 Bh5 7. O-O Ne7 8.
Nc3 a6 9. Ne5 Bxe2 10. Qxe2 O-O 11. Re1 Nd7 12. Bf4 Nxe5 13. Bxe5 Ng6 14. Bxd6
Qxd6 15. Qf3 c6 16. Re3 Qb4 17. Qd1 Rfe8 18. Rb1 Rxe3 19. fxe3 Re8 20. Qd3 Qd6
21. e4 dxe4 22. Nxe4 Qd5 23. Re1 Rd8 24. Nc5 b6 25. Nxa6 Qxa2 26. Nb4 Qa4 27.
c3 b5 28. Nc2 Qb3 29. Rb1 h6 30. Qe4 Qc4 0-1

[Event "Campeonato de Andalucia de Veteranos 201"]
[Site "Hotel Bellavista, Paseo Centra"]
[Date "2011.04.18"]
[Round "3"]
[White "Maldonado Fernandez, Jose"]
[Black "Aroca Lizana, Jose Maria"]
[Result "1-0"]
[WhiteElo "1876"]
[BlackElo "1468"]
[PlyCount "86"]
[EventDate "2011.04.17"]
[EventRounds "6"]
[EventCountry "ESP"]

1. e4 e5 2. Nf3 Nc6 3. d4 exd4 4. Nxd4 Qf6 5. Be3 Bc5 6. c3 Nge7 7. Bc4 O-O 8.
O-O Ne5 9. Be2 a6 10. Nd2 N7g6 11. f4 Nc6 12. N2b3 Bb6 13. Qd3 d6 14. g3 Be6
15. Nxc6 Bxe3+ 16. Qxe3 Bxb3 17. Nd4 Ba4 18. b3 Bd7 19. Bf3 Rab8 20. Rac1 c5
21. Ne2 Bc6 22. c4 Rfe8 23. Nc3 Qe7 24. Qd3 b5 25. Rcd1 Red8 26. Rfe1 b4 27.
Nd5 Bxd5 28. Qxd5 Qc7 29. Rd2 Ne7 30. Qg5 Nc6 31. Bg2 Nd4 32. f5 f6 33. Qf4 Re8
34. g4 Re5 35. Red1 Qb6 36. g5 Rbe8 37. gxf6 gxf6 38. Qh6 R8e7 39. Qxf6 Rg7 40.
Kh1 Kh8 41. Rd3 Kg8 42. Rh3 Qc6 43. Rh6 Rxg2 1-0

[Event "Campeonato de Andalucia de Veteranos 201"]
[Site "Hotel Bellavista, Paseo Centra"]
[Date "2011.04.18"]
[Round "3"]
[White "Ontiveros Lopez, Francisco"]
[Black "Gonzalez Lopez, Jose Antonio"]
[Result "0-1"]
[WhiteElo "1644"]
[BlackElo "1756"]
[PlyCount "58"]
[EventDate "2011.04.17"]
[EventRounds "6"]
[EventCountry "ESP"]

1. d4 Nf6 2. c4 e6 3. Nc3 Bb4 4. Bg5 b6 5. e4 h6 6. Bxf6 Qxf6 7. Nf3 Bb7 8. Bd3
Nc6 9. O-O a6 10. e5 Qd8 11. Ne4 d5 12. exd6 Bxd6 13. d5 exd5 14. cxd5 Ne7 15.
Nc3 Qd7 16. Re1 O-O 17. Rc1 Kh8 18. g3 Nxd5 19. Ne4 Rae8 20. Rf1 Nb4 21. Nxd6
Qxd6 22. Be2 Qxd1 23. Bxd1 c5 24. a3 Nd3 25. Rc2 Ne5 26. Nh4 Be4 27. Rc3 g5 28.
Ng2 Bf3 29. Ne3 f5 {Ilegible} 0-1

[Event "Campeonato de Andalucia de Veteranos 201"]
[Site "Hotel Bellavista, Paseo Centra"]
[Date "2011.04.18"]
[Round "3"]
[White "Subirats Delhom, Juan"]
[Black "Moreno Bello, Miguel"]
[Result "1-0"]
[WhiteElo "1597"]
[BlackElo "1669"]
[PlyCount "57"]
[EventDate "2011.04.17"]
[EventRounds "6"]
[EventCountry "ESP"]

1. d4 d5 2. Nf3 Nc6 3. Bf4 f6 4. e3 g5 5. Bg3 h5 6. h4 g4 7. Nfd2 Bf5 8. Bb5
Qd7 9. Nb3 e6 10. Bd3 Nh6 11. O-O O-O-O 12. Nc3 e5 13. Ne2 Bd6 14. c3 Rhg8 15.
Qc2 Bxd3 16. Qxd3 Nf5 17. Qd2 Nxg3 18. fxg3 exd4 19. exd4 Rde8 20. Rxf6 Rxe2
21. Qxe2 Bxg3 22. Raf1 Bxh4 23. Rf8+ Rxf8 24. Rxf8+ Bd8 25. Nc5 Qh7 26. Qe6+
Kb8 27. Qf5 Qe7 28. Nd7+ Ka8 29. Ne5 {Ilegible} 1-0

[Event "Campeonato de Andalucia de Veteranos 201"]
[Site "Hotel Bellavista, Paseo Centra"]
[Date "2011.04.19"]
[Round "4"]
[White "Montecatine Rios, Ricardo"]
[Black "Bellon Lopez, Juan Manuel"]
[Result "1-0"]
[WhiteElo "2354"]
[BlackElo "2397"]
[PlyCount "94"]
[EventDate "2011.04.17"]
[EventRounds "6"]
[EventCountry "ESP"]

1. d4 d5 2. c4 e6 3. Nf3 Nf6 4. Nc3 Nbd7 5. Bg5 Bb4 6. cxd5 exd5 7. e3 c6 8.
Bd3 Qa5 9. Qc2 h6 10. Bh4 O-O 11. O-O Re8 12. a3 Bd6 13. b4 Qc7 14. b5 g5 15.
Bg3 Bxg3 16. hxg3 Qd6 17. bxc6 bxc6 18. Rfc1 a5 19. Na4 Ba6 20. Bxa6 Rxa6 21.
Rab1 Ne4 22. Rb7 Re6 23. Nd2 Nxd2 24. Qxd2 Ra8 25. Nc5 Re7 26. Qb2 Kg7 27. a4
Nf6 28. Nd3 Rc8 29. Qb6 Ng4 30. Rxe7 Qxe7 31. Rxc6 Rxc6 32. Qxc6 Nxe3 33. Ne5
Nf5 34. Qxd5 f6 35. Nc6 Qe1+ 36. Kh2 Qxf2 37. Qf3 Qc2 38. d5 Nd6 39. Qe3 Nf5
40. Qa7+ Kg6 41. g4 Qxa4 42. gxf5+ Kxf5 43. Qd7+ Kf4 44. Qd6+ Ke3 45. Qxf6 Qh4+
46. Kg1 a4 47. Qc3+ Ke4 1-0

[Event "Campeonato de Andalucia de Veteranos 201"]
[Site "Hotel Bellavista, Paseo Centra"]
[Date "2011.04.19"]
[Round "4"]
[White "Gonzalez Lopez, Jose Antonio"]
[Black "Ruiz Gutierrez, Manuel"]
[Result "0-1"]
[WhiteElo "1756"]
[BlackElo "2193"]
[PlyCount "80"]
[EventDate "2011.04.17"]
[EventRounds "6"]
[EventCountry "ESP"]

1. c4 e5 2. Nc3 Nf6 3. g3 d5 4. cxd5 Nxd5 5. Bg2 Nxc3 6. bxc3 Bd6 7. d3 O-O 8.
Nf3 Nc6 9. O-O Qe7 10. e4 b6 11. Bg5 f6 12. Be3 Ba6 13. Nh4 g6 14. Bh3 Rad8 15.
a4 Bc5 16. Qb3+ Kg7 17. c4 Nd4 18. Bxd4 Bxd4 19. Ra2 c6 20. Nf3 Bc5 21. Rb1 Rd6
22. Ne1 Rfd8 23. Bg4 h5 24. Be2 R6d7 25. Kg2 Qe6 26. h4 Rd6 27. Bf1 Bc8 28. Kg1
a5 29. Qc2 Qg4 30. Kh2 g5 31. Qe2 gxh4 32. Qxg4+ Bxg4 33. gxh4 Rg8 34. Ng2 f5
35. Ne3 f4 36. Nf5+ Bxf5 37. exf5 Kf6 38. Rd1 Rg5 39. Kh3 f3 40. Rc1 Rd4 0-1

[Event "Campeonato de Andalucia de Veteranos 201"]
[Site "Hotel Bellavista, Paseo Centra"]
[Date "2011.04.19"]
[Round "4"]
[White "Landero Luna, Vicente"]
[Black "Cebada Benitez, Fernando"]
[Result "1-0"]
[WhiteElo "2078"]
[BlackElo "1991"]
[PlyCount "59"]
[EventDate "2011.04.17"]
[EventRounds "6"]
[EventCountry "ESP"]

1. d4 Nf6 2. Nf3 e6 3. Bg5 c5 4. e3 Nc6 5. Nbd2 Be7 6. c3 cxd4 7. exd4 O-O 8.
Bd3 b6 9. Qe2 Nd5 10. h4 f5 11. g3 Qe8 12. O-O-O Bb7 13. Nc4 Rc8 14. Kb1 b5 15.
Ne3 Nxe3 16. Qxe3 b4 17. c4 Bf6 18. Rhe1 Qh5 19. Bxf6 Rxf6 20. d5 Na5 21. Ne5
exd5 22. cxd5 Bxd5 23. Be2 Be4+ 24. Qxe4 fxe4 25. Bxh5 Rf5 26. Bf7+ Rxf7 27.
Nxf7 Kxf7 28. Rxd7+ Kf6 29. Rxe4 Nc4 30. Rdd4 1-0

[Event "Campeonato de Andalucia de Veteranos 201"]
[Site "Hotel Bellavista, Paseo Centra"]
[Date "2011.04.19"]
[Round "4"]
[White "Lerma Moreno, Juan Manuel"]
[Black "Maldonado Fernandez, Jose"]
[Result "1-0"]
[WhiteElo "1897"]
[BlackElo "1876"]
[PlyCount "113"]
[EventDate "2011.04.17"]
[EventRounds "6"]
[EventCountry "ESP"]

1. Nf3 g6 2. c4 Bg7 3. d4 Nf6 4. Nc3 O-O 5. e4 d6 6. Be2 e5 7. h3 Nc6 8. d5 Ne7
9. Be3 Ne8 10. Qd2 a6 11. O-O f5 12. Bh6 f4 13. Bxg7 Nxg7 14. b4 h6 15. c5 g5
16. Nh2 Qe8 17. Bg4 h5 18. Bxc8 Rxc8 19. Qe2 Qg6 20. Rac1 Ne8 21. Rc2 Nf6 22.
f3 Kh8 23. Nd1 Rcd8 24. Nf2 Neg8 25. cxd6 cxd6 26. Rc7 Rf7 27. Rfc1 Qg7 28. Qc4
Rxc7 29. Qxc7 Rd7 30. Qc8 Kh7 31. a4 Qe7 32. b5 axb5 33. axb5 Qd8 34. Qxd8 Rxd8
35. Nd3 Ne7 36. Nf1 Rc8 37. Nd2 Nd7 38. Nc4 b6 39. Nxd6 Rxc1+ 40. Nxc1 Kg6 41.
Nd3 Kf6 42. Kf2 Ng6 43. Nb2 Ke7 44. Nbc4 Kd8 45. Nf7+ Ke7 46. Nxg5 Ngf8 47. g3
Kf6 48. h4 Ng6 49. Ne6 Ke7 50. Kg2 Kf6 51. Kh3 Kf7 52. g4 hxg4+ 53. Kxg4 Ne7
54. h5 Kg8 55. Kg5 Kf7 56. Nd8+ Kg8 57. Nc6 1-0